000 00294nam a2200121Ia 4500
008 220204s9999 xx 000 0 und d
082 _a332.021.8(540)
_bJOS
100 _aJOSHI, P C
245 0 _aLand reforms in India
260 _aBombay
_bAllied
_c1976
650 _aLand reforms
942 _cBK
999 _c27706
_d27706